000 00896na a2200289 4500
001 14686
003 MIRAKIL
005 20181213155032.0
008 161025b tu 000 0
020 _a9757721042
035 _a14686
040 _aMilas
_btur
_cTR-AnCHP
041 _atur
082 _a327.561047
_bY44r 1990
090 _a327.561047 Y44r 1990
100 _aYıldırım, Hüsamettin
245 _aRus-Türk-Ermeni münasebetleri
_b(1914-1918)
_cHüsamettin Yıldırım
260 _aAnkara
_bKök Yayınları
_c1990
300 _axvi, 133 s.
_bhrt.
_c23 sm.
490 _aKök Sosyal ve Stratejik Araştırmalar serisi
_v6
504 _aKaynakça ve dizin var.
651 _aErmeniler
_xTarih
651 _aTürkiye
_xUluslararası ilişkiler
_zErmenistan
651 _aTürkiye
_xUluslararası ilişkiler
_zRusya
657 _aDünya tarihi
_xErmeniler
942 _2ddc
_cBKS
999 _c5298
_d5298